000 01149nam a22003257a 4500
003 CHAP
005 20220329134917.0
008 971013s1972 r 00010 d
010 _a27925
011 _a28897
035 _a33008
040 _cCHAP
082 _a691.7
_bM3Y 1971
100 0 0 _aMcCormac, Jack C.
_973423
245 _aDiseño de estructuras metálicas
260 _aMéxico, D.F. :
_bRepresentaciones y Servicios de Ingeniería,
_c1972
300 _a789 p.
_b: ilus
500 _aTrad. de la 2a. ed. en Inglés de 1971
590 _aBATCH-UPD
_b10
_c20130110
_lUCH01
_h1156
590 _aBATCH-UPD
_b10
_c20130410
_lUCH01
_h0739
590 _aBATCH-UPD
_b10
_c20130914
_lUCH01
_h1039
590 _aCONVERSION
_b10
_c20130109
_lUCH01
_h1316
650 1 4 _aConstrucción de hierro y acero.
_927392
650 1 4 _aEstructuras, teoría de las.
_938487
650 1 4 _aIngeniería de estructuras.
_958217
901 _aBK
942 _cLIBRO
949 _a691.7 M3Y 1971
_bBC
_cLIBRO
_d33724000108460
_eLIBRO
_gI.136468
_h65802
_i33008
_si
_t2.95
949 _a691.7 M3Y 1971
_bBC
_cLIBRO
_d33724000108478
_eLIBRO
_fc.2
_gI.145920
_h75457
_i33008
_si
_t47.58
999 _c27925
_d27925